| 000 | 00553nam a2200193 a 4500 | ||
|---|---|---|---|
| 005 | 20210223124239.0 | ||
| 008 | 010711s1986 es r 000 0 spa d | ||
| 020 | _a8433006770 | ||
| 035 | _aUPN01000109520 | ||
| 049 | _aCG | ||
| 050 | 4 |
_aRC386.6 N48 _bB4.8 |
|
| 100 | 1 |
_aBenedet, María Jesús _942398 |
|
| 245 | 1 | 0 |
_aEvaluación neuropsicológica / _cMaría Jesús Benedet. |
| 260 |
_aBilbao : _bDesclée de Brouwer, _cc1986. |
||
| 300 | _a170 p. | ||
| 440 | 0 |
_aBiblioteca de psicología ; _v27 |
|
| 650 | 4 | _aTEST NEUROPSICOLOGICOS | |
| 905 | _aLibro | ||
| 999 |
_c83431 _d83431 |
||